000 00452nam a2200169Ia 4500
008 090711s9999 xx 000 0 und d
082 _b39230
100 _aपणशीकर अनंत
245 _aप्रेमिक
260 _c1976
300 _a188
600 _aपणशीकर अनंत
630 _aप्रेमिक
700 _aपणशीकर अनंत
730 _aप्रेमिक
942 _cBOOK
999 _c305458
_d305458